000 00667nam a2200193Ia 4500
003 GCL
008 140319s9999 xx 000 0 ara d
040 _aGCL /
_cGCL
082 0 4 _a810.8
_bا
100 1 _aابراهيم عبدالقادر المازنى
245 1 0 _aاعلام الاسلام :
_bبشار بن برد /
_cابراهيم عبدالقادر المازنى
260 _aالقاهرة :
_bدار الشعب ،
_c1971
300 _a109 ص ؛
_c24 سم
650 0 4 _aالادب العربى
650 0 4 _aالشعراء العرب
650 0 4 _aالشعر العربى - تاريخ ونقد
650 0 4 _aبشار بن برد
942 _2ddc
_cBK
999 _c47491
_d47491